000 02710nam a2200277 4500
001 ESSALUD
005 20260702155428.0
007 ta
008 t pe ||||| |||| 00| 0 spa d
040 _aBMG
041 _aspa
100 _aMayor Sánchez, Jorge Luis
_eAutor
_921497
245 _aLas cadenas de suministro sostenibles y el reto que enfrentan las grandes empresas.
_bQué les depara a las actuales organizaciones sindicales a nivel empresarial
246 _aSustainable supply chains and the challenge faced by large companies.
_bWhat awaits current trade union organizations at the enterprise level
300 _apáginas 169-181
520 _aEn el presente artículo el autor desarrolla un análisis crítico de las cadenas de suministro sostenibles como herramienta estratégica utilizada por las grandes empresas y de su impacto en el Derecho del Trabajo y en las organizaciones sindicales a nivel empresarial. Examina cómo la fragmentación y externalización de los procesos productivos, orientadas a la reducción de costos y a la obtención de ventajas competitivas, pueden generar riesgos de precarización laboral, desvalorización del trabajo decente y debilitamiento de la acción sindical. Asimismo, aborda el contexto de la globalización, la etapa pos-COVID-19 y la centralidad de la diligencia debida en materia de derechos humanos, destacando la necesidad de compatibilizar eficiencia económica con el respeto efectivo de los derechos humanos labora les y sindicales.
520 _aIn this article, the author develops a critical analysis of sustainable supply chains as a strategic tool used by large companies and their impact on labour law and trade union organizations at the corporate level. The study examines haw the fragmentation and outsourcing of productive processes, aimed at reducing costs and obtaining competitive advantages, may generate risks of labour precariousness, the devaluation of decent work, and the weakening of trade union action. It also addresses the context of globalization, the post- COV/0-19 period, and the central role of human rights due diligence, highlighting the need to reconcile economic efficiency with the effective respect far labour and trade un ion human rights.
650 _aCADENAS DE SUMINISTRO
_953213
650 _aORGANIZACIONES SINDICALES
_953214
650 _aGRANDES EMPRESAS
_953215
650 _aSUPPLY CHAINS
_953216
650 _aLARGE COMPANIES
_953217
650 _aTRADE UNION ORGANIZATIANS
_953218
773 0 _022614
_922623
_dLima Grupo Praxis Formación Profesional, 2026-
_oPRALAB001
_tPraxis Laboral & Procesal Laboral
_wESSALUD
_x3119-768X
942 _cARTICULOS
_e2026-07-02
_zSQB
999 _c22628
_d22628